A borboleta (Registo nº 4571)

Detalhes MARC
000 -Etiqueta do registo
Cabeçalho 00826nam0a2200265 4500
005 - Identificador da versão
Campo de controlo 20240813122105.0
100 ## - Dados gerais de processamento
Dados gerais de processamento 20170209d1982 a y0pory5003 ba
102 ## - Pais de publicação ou produção
País de publicação Portugal
101 1# - Língua de publicação
Língua do texto, banda sonora, etc. Português
Língua do documento no original Inglês
215 ## - Descrição física 
Indicação específica da natureza do documento e extensão da espécie [28] p.
Outras indicações físicas il. color
200 1# - Titulo e menção de responsabilidade
Título próprio A borboleta
Primeira menção de responsabilidade por Angela Sheehan
Outras menções de responsabilidade il. de Maurice Pledger
-- trad. de M. Alice Moura Bessa
225 1# - Colecção 
Título próprio da colecção Vida animal
210 ## - Publicação, Distribuição, etc. 
Lugar da edição, distribuição, etc. Porto
Nome do editor, distribuidor, etc. Civilização
Data da publicação, distribuição, etc. cop. 1981
Data da impressão imp. 1982
606 ## - Nome comum usado como assunto
Número de registo de entrada de autoridade 0001576
Palavra de ordem Literatura
Subdivisão de assunto Conto
Código do sistema CA
Número de registo de entrada de autoridade 0001671
Palavra de ordem Animais
Subdivisão de assunto Borboletas
Código do sistema CA
675 ## - Classificação Decimal Universal (CDU)
Notação 82-34
Edição 3ª ed.
Língua da edição por
Notação 595.78
Edição 3ª ed.
Língua da edição por
702 #1 - Nome de autor-pessoa física (responsabilidade secundária)
Número de registo de entrada de autoridade 0001668
Palavra de ordem Bessa
Outra parte do nome não tomada para palavra de ordem M. Alice Moura
Código de função Tradutor
Número de registo de entrada de autoridade 0001662
Palavra de ordem Pledger
Outra parte do nome não tomada para palavra de ordem Maurice
Código de função Ilustrador / Técnico de desenho computorizado
700 #1 - Nome de autor-pessoa física (responsabilidade principal)
Número de registo de entrada de autoridade 0001661
Palavra de ordem Sheehan
Outra parte do nome não tomada para palavra de ordem Angela
966 ## - Identificação da Biblioteca
Sigla EBVEN
942 ## - Elementos de entrada adicionados (Koha)
Tipo de item no Koha Livro
Exemplares
Situação do levantamento Origin of item (home branch) (coded) Biblioteca de empréstimo Código de barras Cota Circulation type (not for loan) Tipo de documento Nota do exemplar Damaged status
  Biblioteca Escolar das Vendas Biblioteca Escolar das Vendas BEV148 8EST SHE   Livro Sem mensagem